| 000 | 00447cam a2200181ua 4500 | ||
|---|---|---|---|
| 020 | _c15.00 | ||
| 041 |
_aeng _h |
||
| 082 |
_a338.9 _bSHE/IN |
||
| 100 | _aShenoy, B.R. | ||
| 245 |
_aIndian planning and economic development / _cB.R.Shenoy. _hTextual Documents |
||
| 250 |
_a1 / _b. |
||
| 260 |
_aMumbai : _bAsia Publishing House , _c1963. |
||
| 300 | _a152 ; . | ||
| 365 | _a15.00 | ||
| 504 | _a | ||
| 942 | _cBK | ||
| 999 |
_c2145 _d2145 |
||